|
|
|
|
| LEADER |
00000cam a2200000 i 4500 |
| 001 |
34107044 |
| 003 |
Ucuenca |
| 005 |
20231030143041.0 |
| 006 |
a||||fr|||| 001||| |
| 007 |
ta |
| 008 |
012092t20112011sp aaaafr|||| 001|||spa|a |
| 020 |
|
|
|a 978-84-494-4457-9
|q Volumen 1
|
| 020 |
|
|
|a 978-84-494-4456-2
|q Obra completa
|
| 040 |
|
|
|b spa
|a UCuenca-cdrjbv
|c UCuenca
|e rda
|
| 041 |
0 |
|
|a spa
|
| 082 |
0 |
|
|a 371.337
|2 21
|c 34107044
|
| 245 |
0 |
0 |
|a Expresión corporal y psicomotricidad con ejercicios prácticos.
|n Tomo 1 /
|c directores Carlos de Gispert y José Gárriz, con la colaboración de Anna Biosca
|
| 250 |
|
|
|a primera edición
|
| 264 |
|
1 |
|a Barcelona:
|b Editorial Océano,
|c 2012.
|
| 300 |
|
|
|a 88 páginas:
|b ilu
|c 28 cm
|e Incluye 2 CD Audio
|
| 336 |
|
|
|2 rdacontent
|a texto
|b txt
|
| 337 |
|
|
|2 rdamedia
|a no mediado
|b n
|
| 338 |
|
|
|2 rdacarrier
|a volumen
|b nc
|
| 504 |
|
|
|a incl. ref.
|
| 505 |
0 |
|
|a Contenido: Guía para los educadores. Atrapados por la tecnología. Sonidos y sensaciones extraordinarios. Un cuento de historias y palabras. Un cuento, una lógica, una estructura. Escuchar no significa entender. Un cuerpo para toda la vida. Sobre el cuerpo. Crecer. El espejo. La relajación. Vivir un cuento. Un cuerpo para expresar y convivir. Orientados y coordinados. Explorar espacios y situaciones. Vivir un cuento. El cuerpo: posibilidades y límites. Mente flexible, cuerpo son límites. Una mirada al frente
|
| 520 |
3 |
|
|a Esta obra constituye un magnífico material de trabajo, soporte y consulta para cualquier profesional de la educación (maestros, profesores, psicólogos infantiles, logopedas...), sea cual sea el aérea curricular en la que estén especializados (educación física, lenguaje, música, matemáticas....). También se trata de una obra novedosa si se la compara con otras temáticas similar de las que ya existen......
|
| 650 |
1 |
7 |
|2 UCuenca-cdrjbv
|a Expresión corporal
|9 21892
|
| 650 |
1 |
7 |
|2 UCuenca-cdrjbv
|a Psicomotricidad
|9 26540
|
| 650 |
|
7 |
|a Cuentos infantiles
|9 586
|
| 651 |
|
|
|2 UCuenca-cdrjbv
|
| 700 |
1 |
|
|a Gispert, Carlos.
|e director
|9 7993
|
| 700 |
1 |
|
|9 4075
|a Gárriz, José
|e director
|
| 700 |
1 |
|
|9 106956
|a Biosca, Anna.
|e colaborador
|
| 852 |
|
|
|a UC-CDJBV
|f Compra
|l 1
|m General
|p 20120924
|q 26.50
|r 2
|t 109634
|w Educación General Básica
|y 383068
|b 0
|d CDRC
|e CDRC
|g 371.337 PRIMER PISO
|z 2012-20-92
|
| 942 |
|
|
|c BK
|0 5
|2 ddc
|z margoth.maza@ucuenca.edu.ec
|r daniel.carrión@ucuenca.edu.ec
|
| 999 |
|
|
|c 63997
|d 63997
|